01447nam a22003137a 4500001000400000003000600004005001700010008004100027020001800068040002900086050000800115082001100123100002000134245006400154260003600218300002300254490003500277505000600312520040800318521002000726521002000746650001700766650002100783650002700804942001500831999001300846952015200859952012201011235FISKH20240521160938.0230309b cb ||||| |||| 00| 0 eng d a9781408334119 aFISKHbengcFISKHdFISKH aPZ7 a823.92 aMeres, Jonathan aThe world of norm :bmay still be charged /cJonathan Meres aLondon :bOrchard Books,c2015. a251 pages :c20 cm aThe World of Norm seriesvv. 9 aH aNorm knew it was going to be one of those days when he was grounded before he'd even got up... But that's what happens when you run up a phone bill the size of a flipping bus. The trouble is Norm has no idea how it happened! All he knows is that he has to somehow pay it off if he's to go biking with Mikey. Even if that does mean going into business with the world's most annoying next door neighbor...8 a480 bLexile 8 aH bRaz-Plus  aBoys Fiction aHumorous Fiction aDiscipline of Children 2ddccBKn0 c235d235 00102ddc40708JUVFa001b001cTK Blued2023-03-09l3oMER 823.92 PZ7pFISTK05303q2026-04-22r2026-04-08 10:45:33s2026-04-08t1w2023-03-09yBK 00102ddc40708FICa001b001cTTPd2024-05-21l0oMER 823.92 PZ7p2024-0658r2024-05-21 09:55:48t2w2024-05-21yBK